Uranus raksasa gas

Bibliographic Details
Main Author: Samsuddin Othman
Format: Book
Published: Kuala Lumpur : Utusan Publications & Distibutors , 2004
Series:Siri Planet kita
Subjects:

MARC

LEADER 00000cam a2200000 7i4500
001 0000007314
005 20151222.0
008 070829
020 |a 967611278X 
090 0 0 |a JF   |b SC MAL (8578) 
100 0 |a Samsuddin Othman 
245 1 0 |a Uranus raksasa gas   |c Samsuddin Othman 
260 |a Kuala Lumpur :   |b Utusan Publications & Distibutors ,   |c 2004 
440 |a Siri Planet kita 
500 |a Children ages 7-9 years old (orange) 
650 0 |a Malay language   |x Readers   |x Planets 
650 0 |a Planets   |x Juvenile literature 
999 |a 0000814786   |b Book   |c Children Collection   |e Cawangan Tmn. Ungku Tun Aminah 
999 |a 0000814787   |b Book   |c Children Collection   |e Cawangan Mersing 
999 |a 0000814818   |b Book   |c Children Collection   |e Cawangan Kota Tinggi 
999 |a 0000814819   |b Book   |c Children Collection   |e Cawangan Segamat 
999 |a 0000814822   |b Book   |c Children Collection   |e Cawangan Muar 
999 |a 0000814823   |b Book   |c Children Collection   |e Cawangan Pontian 
999 |a 0000814824   |b Book   |c Children Collection   |e Cawangan Bandar Penawar 
999 |a 0000990024   |b Book   |c Children Collection   |e Perbadanan Perpustakaan Awam Johor 
999 |a 0000990025   |b Book   |c Children Collection   |e Cawangan Tangkak 
999 |a 0000990026   |b Book   |c Children Collection   |e Perbadanan Perpustakaan Awam Johor